Score 0/18 Timer 03:00
3 Plays Today
% Correct
Shell
98.9%
Pepsi
98.8%
Facebook
97.6%
Nike
97.3%
Apple
95.6%
Twitter
93.7%
Honda
93.2%
Target
93.1%
Taco Bell
91.8%
% Correct
Microsoft
91.4%
Starbucks
89.7%
NBC
87.8%
Pringles
87.3%
BP
82.8%
Ferrari
80.5%
Volkswagen
77.7%
Toyota
75.7%
Goodyear
54.5%
Remove Ads.
Support Sporcle.
Get the best of Sporcle when you Go Orange. This ad-free experience offers more features, more stats, and more fun while also helping to support Sporcle. Thank you for becoming a member.

You're not logged in!

Compare scores with friends on all Sporcle quizzes.
OR
Log In

Show Comments

Extras

Top Quizzes Today


Score Distribution

Your Account Isn't Verified!

In order to create a playlist on Sporcle, you need to verify the email address you used during registration. Go to your Sporcle Settings to finish the process.

Report this User

Report this user for behavior that violates our Community Guidelines.

Details: